000 01272namaa2200325 i 4500
003 EG-GICUC
005 20260207123237.0
008 260207s2000 ua ||||gr|||| 000 0 ara d
017 _a2000 / 2249
_bدار الكتب والوثائق القومية(مصر)
020 _a9775250730
040 _aEG-GiCUC
_bara
_cEG-GiCUC
_dEG-GiCUC
_erda
082 0 4 _221
_a418.024
_bS538
092 0 4 _221
_a418.024
_bS538
099 _a418.024 S538
100 1 _aالشيال، جمال الدين
_eمؤلف.
245 1 0 _a‪تاريخ الترجمة فى مصر :
_b‪فى عهد الحملة الفرنسية /
_c‪جمال الدين الشيال.
250 _aالطبعة الأولى.
264 _a‪القاهرة :
_b‪مكتبة الثقافة الدينية، ‪
_c2000.
300 _a84 ؛ صفحة
_c24 سم
336 _2rdacontent
_atext
337 _2rdamedia
_aUnmediated
338 _2rdacarrier
_avolume
504 _aيشتمل على ارجاعات ببليوجرافية
541 _aد. جابر عصفور ؛
_bالقاهرة ؛
_cإهداء ؛
_d2024.
650 1 _a‪اللغة الفرنسية
_x‪ترجمة.
_2qrmak
650 1 _a‪الترجمة الفرنسية.
651 1 _2qrmak
905 _aAsmaa
942 _2ddc
_cBK
_e21
_n0
999 _c178219
_d178219